| 000 | 00742nam a2200205 a 4500 | ||
|---|---|---|---|
| 003 | 0 | ||
| 005 | 20250224092739.0 | ||
| 008 | 111114s19uu xx 00 eng d | ||
| 050 |
_aPGS BF 637.P36 _b.D362 2011 |
||
| 100 | _aDelos Angeles, Bryan. | ||
| 245 |
_aPeer pressure and self esteem of SISC grade six students / _cBryan Delos Angeles. |
||
| 260 |
_aLas PiƱas City, Philippines : _bSouthville International School and Colleges, _c2011. |
||
| 300 |
_a44 pages : _billustrations ; _c28 cm. |
||
| 504 | _aIncludes bibliographical references. | ||
| 650 | _aPeer pressure in children. | ||
| 650 | _aSelf - esteem in children. | ||
| 650 |
_aSchool children _vPsychology. |
||
| 650 |
_aStudents _vSocial conditions. |
||
| 942 |
_2lcc _cPASS |
||
| 999 |
_c98613 _d98613 |
||